Letras más usadas - Porrazos - Estadísticas

Estadísticas generales
  • Esta prueba ha sido intentada 10.812 veces
  • La puntuación promedio es 7 de 10
Estadísticas de respuestas
% Letra % Correcto
12,2 A
99%
14,0 E
92%
9,9 O
85%
5,5 I
82%
4,8 U
74%
7,7 S
67%
6,2 R
59%
5,4 L
53%
6,6 N
40%
5,3 D
31%
No se encontraron pruebas coincidentes
Distribución de puntuación
Porcentaje de gente con cada puntuación
Porcentaje por número respondido
Historial de tus puntuaciones
No has intentado esta prueba.